00724nam a2200205 a 450000100060000000300080000600500170001400800410003103500200007204000370009204100080012908200270013710000480016424500600021226000740027230000240034650400620037065100400043271000460047243094BD-RjUL20211209053639.0190616s1950 enk b 001 0 eng  a(BD-RjUL) 43212 aDLCcOCPdUKMdEQOdBD-RjULbeng aeng a330.9436223bROA 19501 aRothschild, Kurt W.q(Kurt Wilhelm),d1914-14aThe Austrian economy since 1945 /cby K. W. Rothschild. aLondon ;aNew York :bRoyal Institute of International Affairs,c1950 avi, 82 p. ;c22 cm. aIncludes bibliographical references (p. 78-79) and index. 0aAustriaxEconomic conditionsy1945-2 aRoyal Institute of International Affairs.